000 01308cam a22003737a 4500
001 15045399
003 OSt
005 20211013110619.0
008 071016s2008 gw a b 001 0 eng c
010 _a 2007939488
020 _a9783540767046 (hdbk. : acidfree paper)
035 _a(OCoLC)ocn191760041
038 _akhadija
040 _aYDXCP
_cYDXCP
_dBAKER
_dU3G
_dOHX
_dIXA
_dAU@
_dTXJ
_dZWZ
_dDLC
042 _apcc
050 0 0 _aTJ163.12
_b.A5513 2008
082 _a621 DRI
100 _aKiel, Edwin
_983079
130 0 _aAntriebslösungen.
_lEnglish
_983080
245 1 0 _aDrive Solutions :
_bMechatronics for Production and Logistics /
_cEdwin Kiel (ed.)
260 _aBerlin :
_bSpringer,
_cc2008.
300 _axviii, 537 p. :
_bill. ;
_c24 cm.
504 _aIncludes bibliographical references (p. [511]-519) and index.
563 _ahardcover
650 0 _aMechatronics.
_935774
650 0 _aManufacturing processes
_xAutomation.
_918504
650 7 _aCommande automatique.
_2ram
_983081
650 7 _aRobots
_xSystèmes de commande.
_2ram
_983082
700 1 _aKiel, Edwin,
_cDr.
_983083
906 _a7
_bcbc
_cpccadap
_d2
_encip
_f20
_gy-gencatlg
942 _2ddc
_cBK
999 _c31898
_d31898